LEADER 01065nam0-2200373---450- 001 990008505310403321 005 20070420161302.0 010 $a3-540-69151-8 035 $a000850531 035 $aFED01000850531 035 $a(Aleph)000850531FED01 035 $a000850531 100 $a20070420d2007----km-y0itay50------ba 101 0 $aeng 102 $aDE 105 $aa---a---001yy 200 1 $aLectures on the automorphism groups of Kobayashi hyperbolic manifolds$fA. Isaev 210 $aBerlin$cSpringer$dc2007 215 $aviii, 139 p.$d24 cm 225 1 $aLecture notes in mathematics$v1902 610 0 $aAutomorfismi 610 0 $aVarietà complesse omogenee 676 $a515.55$v21$zita 700 1$aIsaev,$bAlexander$0284214 801 0$aIT$bUNINA$gRICA$2UNIMARC 901 $aBK 912 $a990008505310403321 952 $aC-20-(1902$b21881$fMA1 959 $aMA1 962 $a32M05 962 $a32M10 962 $a32-XX 996 $aLectures on the automorphism groups of Kobayashi-hyperbolic manifolds$9230599 997 $aUNINA LEADER 01034cam0-22003491i-450 001 990004774230403321 005 20230328091349.0 035 $a000477423 035 $aFED01000477423 035 $a(Aleph)000477423FED01 035 $a000477423 100 $a19990530d1961----km-y0itay50------ba 101 0 $afre 102 $aFR 105 $ay-------001yy 200 1 $aApollon et Dionysos$eun essai sur la notion d'impermanence$fpar Jean Zafiropulo 210 $aParis$cLes Belles Lettres$d1961 215 $a328 p.$d21 cm 225 1 $aCollection d'études anciennes 610 0 $aMitologia greca 676 $a292.13$v21$zita 700 1$aZafiropulo,$bJean$0177445 801 0$aIT$bUNINA$gRICA$2UNIMARC 901 $aBK 912 $a990004774230403321 952 $aV F 28$bBibl. 35782$fFLFBC 952 $aARCH. PH 022 8$bARCH. 10740$fFLFBC 952 $aFCL 503 (56)$bIst.Fil.Cl.724$fFLFBC 952 $a292.13 ZAF 1$bST.REL. 164$fFLFBC 959 $aFLFBC 996 $aApollon et Dionysos$9555639 997 $aUNINA